The oxford dictionary of music

Պահպանված է:
Մատենագիտական մանրամասներ
Հիմնական հեղինակ: KENNEDY, Michael
Ձևաչափ: Գիրք
Լեզու:անգլերեն
Հրապարակվել է: Oxford University Press 2013.
Ցուցիչներ: Ավելացրեք ցուցիչ
Չկան պիտակներ, Եղեք առաջինը, ով նշում է այս գրառումը!

MARC

LEADER 00000nam a22000007a 4500
008 210427b ||||| |||| 00| 0 eng d
020 |a 978-0-19-957854-2  
100 |a KENNEDY, Michael. 
245 |a The oxford dictionary of music  |c  Michael Kennedy and Joyce Bourne Kennedy,  
250 |b  6th ed  |c Rutherford – Johnson, Tim. Rutherford – Johnson, Tim.  
260 |b Oxford University Press  |c 2013.  |h Oxford, UK  |i 690894  |i 690895  |i 689456   |l ML100 .K33  |m Music – Dictionaries  |m Music: Bio-bibliography 
942 |a lcc  |c BK  |e Adekanye, I. H.  |f 27/04/2021 
952 |0 0  |1 0  |2 lcc  |4 0  |6 ML0100 K33  |7 0  |9 2325  |a HOL  |b RF  |c LP  |d 2021-04-27  |l 0  |o ML100 .K33  |p 2021-6178  |r 2021-04-27 00:00:00  |w 2021-04-27  |y BK 
952 |0 0  |1 0  |2 lcc  |4 0  |6 ML0100 K33  |7 0  |9 2326  |a HOL  |b HOL  |c LP  |d 2021-04-27  |l 0  |o ML100 .K33  |p 2021-6179  |r 2021-04-27 00:00:00  |w 2021-04-27  |y BK 
952 |0 0  |1 0  |2 lcc  |4 0  |6 ML0100 K33  |7 0  |9 2327  |a HOL  |b ART  |c LP  |d 2021-04-27  |l 0  |o ML100 .K33  |p 2021-6180  |r 2021-04-27 00:00:00  |w 2021-04-27  |y BK 
999 |c 1199  |d 1199